00285nam a2200121Ia 4500008004100000100002500041245002800066260002500094300000700119650001300126942000700139999001700146190216s9999||||xx |||||||||||||| ||und|| aBhaskaran Pallikurup 0aOru Shamshayam Bakiyayi bKeshavalakshmi Books a72 aKathakal cBK c27825d27825